Nuevas direcciones en el estudio del lenguaje
Salvato in:
| Autori principali: | , , , , , , |
|---|---|
| Altri autori: | |
| Natura: | Libro |
| Lingua: | spagnolo |
| Pubblicazione: |
Madrid
Revista de Occidente
1974
|
| Serie: | Colección selecta, 51
|
| Soggetti: | |
| Tags: |
Aggiungi Tag
Nessun Tag, puoi essere il primo ad aggiungerne!!
|
MARC
| LEADER | 00000nam a2200000 a 4500 | ||
|---|---|---|---|
| 001 | UCZ0068 | ||
| 003 | CL-VaPUC | ||
| 008 | 950724e19740000SP |||||||||||||||||spa|d | ||
| 082 | 0 | 4 | |a 401.9 |b LEN |2 21 |
| 100 | |a Lenneberg, Eric H |e author |9 523057 | ||
| 700 | 0 | |a Carmichael, Leonard |e author |9 342655 | |
| 700 | 0 | |a Leach, Edmund |e author |9 342656 | |
| 700 | |a Miller, George Armitage |e autor |9 549958 | ||
| 700 | 0 | |a Goldmann-Eisler, Frieda |e author |9 342658 | |
| 700 | 0 | |a Brown, Roger |e author |9 342659 | |
| 700 | 0 | |a Bellugi, Ursula |e author |9 342660 | |
| 700 | 0 | |a Ervin, Susan M |e author |9 342661 | |
| 245 | 1 | 0 | |a Nuevas direcciones en el estudio del lenguaje |
| 300 | |a 217 p | ||
| 942 | |c BK | ||
| 945 | |d 19950724 00:00:00 |a cmena | ||
| 260 | |a Madrid |b Revista de Occidente |c 1974 | ||
| 650 | 0 | |a Lingüística |9 265068 | |
| 650 | 0 | |a Investigación lingüística |9 329785 | |
| 650 | 0 | |a Desarrollo del lenguaje |9 311270 | |
| 650 | 0 | |a Psicolingüística |9 283371 | |
| 650 | 0 | |a Teoría de la comunicación |9 260752 | |
| 650 | 0 | |a Teoría de la información |9 260744 | |
| 650 | 0 | |a Cerebro |9 307262 | |
| 583 | |a last modification |c 19950724 00:00:00 |k Rodrigo Vera | ||
| 490 | 0 | |a Colección selecta, 51 | |
| 999 | |c 237041 |d 237039 | ||
| 952 | |0 0 |1 0 |4 0 |6 401_900000000000000_LEN_1974 |7 0 |8 P |9 245720 |a BIBEDU |b BIBEDU |c BIBEDU_PB |d 2019-11-18 |i 1542370 |o 401.9 LEN 1974 |p 1542370 |r 2024-01-25 |w 2019-11-18 |y BK |k EDU | ||
| 952 | |0 0 |1 0 |4 0 |6 401_900000000000000_LEN_1974 |7 0 |8 P |9 245721 |a BIBEDU |b BIBEDU |c BIBEDU_PB |d 2019-11-18 |i 1602993 |o 401.9 LEN 1974 |p 1602993 |r 2024-01-25 |w 2019-11-18 |y BK |k EDU | ||